000 01303nam a2200325 i 4500
003 DO-SdBNP
005 20260506084957.0
007 ta
008 260506b2025 dr ||||| |||| 00| 0 spa d
020 _a9789945587371
040 _aDO-SdBNP
_bspa
_cBNPHU
_erda
041 _aspa
082 4 _axxx
_bxxx
_222
100 1 _aAcosta Matos, Eliades,
_d1959-
_eautor
_4aut.
_974479
245 1 0 _aJuan Bosch :
_bentre el golpe de estado y la revolución. Compilación /
_cEliades Acosta Matos ; edición, revisión y diagramación, Janley Rivera Mejías, Harold Frías Maggiolo ; prólogo, Diómedes Núñez Polanco
264 4 _aSanto Domingo :
_bFundación Juan Bosch,
_c©2025.
300 _a243 páginas ;
_c23 cm.
336 _atexto
_btxt
_2rdacontent
337 _asin mediación
_bn
_2rdamedia
338 _avolumen
_bnc
_2rdacarrier
490 0 _aColección Bosch Vive
500 _aIncluye referencias bibliográficas y notas al pie de las páginas
500 _aIncluye datos biográficos del autor en la solapa de la cubierta
590 _aInventariado, 2026/BT
700 1 _aRivera Mejías, Janley,
_eeditor
_4ed.
_943002
700 1 _aFrías Maggiolo, Harold,
_eeditor
_4ed.
_978325
700 1 _aNúñez Polanco, Diómedes,
_eprologuista
_4pr.
_987407
910 _aBtavárez
942 _2ddc
_cLBS1
999 _c60669
_d60669